| 000 | 00998nac a22002651u 4500 | ||
|---|---|---|---|
| 010 | _a 91043017 | ||
| 020 | _a0809477319 | ||
| 020 | _a0809477327 (lib. bdg.) | ||
| 082 | 0 | 0 | _a616.89 |
| 090 |
_c6160 _d6160 |
||
| 100 | _a20080729 | ||
| 245 | 0 | 0 |
_aManias and delusions / _cby the editors of Time-Life Books. |
| 260 |
_aAlexandria, Va. : _bTime-Life Books,c1992. _cc1992. |
||
| 300 |
_a151 p. : _bill. (some col.) ; _c28 cm. |
||
| 440 | 0 | _aLibrary of curious and unusual facts | |
| 500 | _aDistributer: Al-Ahram. | ||
| 504 | _aIncludes bibliographical references and index. | ||
| 511 | _aCatalogued By: Mahitab. | ||
| 650 | 0 |
_aPsychology, Pathological _xPopular works. |
|
| 650 | 0 |
_aHysteria (Social psychology) _xCase studies. |
|
| 650 | 0 |
_aDelusions _xCase studies. |
|
| 710 | 2 | _aTime-Life Books. | |
| 942 |
_cBB _k616.89 |
||
| 999 |
_c6160 _d6160 |
||